000 00866nas a2200289 4500
001 BR0301670
003 BR-BrBNA
005 20231205103653.0
007 ta
008 230509b bl.|||p| |||| 00| 00por d
040 _aBR-BrBNA
_bpor
_cBiblioteca Nacional de Agricultura
041 _a(Pt)
072 _aH20
100 1 _aNechet, K. de L.
100 1 _aAbreu, M.S. de
245 1 _aCaracterização morfológica e testes de patogenicidade de isolados de Colletotrichum sp. obtidos de cafeeiro
650 _aCAFÉ
650 _aFUNGO
650 _aTESTE DE PROGÊNIE
650 _aPLÂNTULA
650 _aMUDA
650 _aESPORULAÇÃO
650 _aCONÍDIO
773 0 _tCiência e Agrotecnologia (Brazil)
_xISSN 1413-7054
_g(Nov-Dec 2002), v. 26(6) p. 1135-1142
_wBR0301670
909 _a202311
_bLúcia
_c55
_dLúcia Elande
942 _2AGRIS
_n0
_cANA
999 _c174126
_d174126